| 000 | 03555 a2200313 4500 | ||
|---|---|---|---|
| 003 | OSt | ||
| 005 | 20180116192346.0 | ||
| 008 | 120529t xxu||||| |||| 00| 0 eng d | ||
| 020 | _a9774162447 (hardcover) | ||
| 020 | _a9789774162442 (hardcover) | ||
| 040 | _c0 | ||
| 082 | 0 | 4 | _a721 |
| 100 | 1 |
_aO'Kane, Bernard. _92548 |
|
| 245 | 1 | 0 |
_aCreswell photographs re-examined : _bnew perspectives on islamic architecture / _cBernard O'Kane and American University in Cairo |
| 260 |
_aNew York : _bAmerican University in Cairo Press, _c2009. |
||
| 300 |
_a416 p. : _bill. ; _c24 cm. |
||
| 500 | _aIncludes photos from the Creswell collection which was acquired by the American University in Cairo in 1956. | ||
| 505 | _aThe citadel of Cairo in the Ayyubid Period and the development of thirteenth-century fortifications: a reconsideration / Tarek Galal Abdel-Hamid -- An ode to remember: the Burda of al-Busiri in Cairene Ottoman houses / Noha Abou-Khatwa -- The mosque of Mustafa Shurbagi Mirza: reasserting Egypt's Mamluk roots / Conchita Añorve-Tschirgi -- The Madrasa of Umm al-Sultan Shaʹban before and after Creswell / Dina Ishak Bakhoum -- Archival photography and the formulation of conservation policy: the case of Manzil Qaytbay / Nairy Hampikian and May al-Ibrashy -- The Turba of Azdumur in the northern cemetery of Cairo / Hani Hamza -- The Mamluk Mosque of Amir Husayn: a reconstruction / Chihinda Karim -- Modes of utilizing Qurʹanic inscriptions on Cairene Mamluk religious monuments / Dina Montasser -- The great mosque of Hama redux / Bernard O'Kane -- A study of the unintended in Creswell's photographs: the architecture of the nineteenth and twentieth centuries, and the continuity of building traditions / Seif El Rashidi -- The works of Sultan al-Ghuri in Khan al-Khalili: analysis and reconstruction of the covered market / Ola Seif -- Detecting the past: K.A.C. Creswell, photography, and the landscape of Cairo / Nicholas Warner. | ||
| 520 | _aThe Creswell photographic archive at the American University in Cairo is an invaluable resource of over 12,000 printed images of Islamic architecture, mainly in Cairo, but also including buildings in other important cities such as C�rdoba and Baghdad. Creswell's own photographs constitute the majority of the collection, but he also assembled work by photographers active in the decades before he began his systematic recording in the 1920s. The AUC archive is unique because it includes the work of other photographers as well as Creswell images unavailable elsewhere, some recording buildings that no longer exist. This volume of collected studies seeks to highlight the value of this collection for scholars, who can examine the visual evidence of architecture now destroyed or altered in order to better understand various aspects of these significant buildings. Contributors discuss such issues as epigraphy in domestic and religious architecture, employing early photographs as guides for modern restoration, and military architecture. | ||
| 600 | 1 | 0 |
_aCreswell, K. A. C. (Keppel Archibald Cameron), Sir _d1879. _zEgypt _92549 |
| 650 | 1 | 0 |
_aIslamic architecture _92550 |
| 650 | 1 | 0 |
_aIslamic decoration and ornament _92551 |
| 650 | 1 | 0 |
_aArchitectural photography _zEgypt _92552 |
| 651 | 0 |
_aMiddle East _xCairo _92553 |
|
| 710 | 0 |
_aAmerican University in Cairo. _92554 |
|
| 856 | 4 | 0 |
_3Amazon.com _uhttp://www.amazon.com/exec/obidos/ASIN/9774162447/chopaconline-20 |
| 942 |
_aSADA _cBK _k721 OKA 2009 _2ddc |
||
| 999 |
_c352776 _d352776 |
||